Ծրագիր Հնչակեան կուսակցութեան : (Record no. 540640)
[ view plain ]
| 000 -LEADER | |
|---|---|
| fixed length control field | 02592nam a2200193 a 4500 |
| 003 - CONTROL NUMBER IDENTIFIER | |
| control field | AM-YEHGA |
| 005 - DATE AND TIME OF LATEST TRANSACTION | |
| control field | 20260413143736.0 |
| 008 - FIXED-LENGTH DATA ELEMENTS--GENERAL INFORMATION | |
| fixed length control field | 260212s1908 tu ||||r|||| 00||0 arm d |
| 040 ## - CATALOGING SOURCE | |
| Original cataloging agency | AM-YEHGA |
| 041 0# - LANGUAGE CODE | |
| Language code of text/sound track or separate title | arm |
| 245 00 - TITLE STATEMENT | |
| Title | Ծրագիր Հնչակեան կուսակցութեան : |
| Remainder of title | (Տաճկաստանի համար). |
| 260 ## - PUBLICATION, DISTRIBUTION, ETC. | |
| Place of publication, distribution, etc. | Կ․ Պօլիս : |
| Name of publisher, distributor, etc. | Ա․հ․, |
| Date of publication, distribution, etc. | 1908․ |
| 300 ## - PHYSICAL DESCRIPTION | |
| Extent | (12 գիրք մեկ կազմի մեջ ) ; 14 էջ |
| 440 #0 - SERIES STATEMENT/ADDED ENTRY--TITLE | |
| Title | Հրատարակութիւն Հնչակեան կուսակցութեան ; |
| Number of part/section of a work | № 18 |
| 500 ## - GENERAL NOTE | |
| General note | Ալիգ 3 |
| 501 ## - WITH NOTE | |
| With note | Մեկ կազմի մեջ՝ Ծրագիր սօսիալ դէմօքրաթ Հնչակեան կուսակցութեան : (Տաճկաստանի համար) / Կ. Պօլիս: Ա. հ.։ 1910։ - Ալիգ 1 ; Հողատիրական հարցեր / Ս․Ս․ Գ․։ Կ․ Պօլիս։ Ա․ հ․։ 1909։ - Ալիգ 2 ; Կազմական կանոնագիր Հնչակեան կուսակցութեան ։ Տաճկաստանի մասնաճիւղերու / Կ․ Պոլիս։ Ա․հ․։ 1908։ - Ալիգ 4 ; Հերդեր եւ իր քաղաքական հայեացքները / Ս. Սապահ-Գիւլեան։ Կ. Պոլիս: տպ. Տ. Տօղրամաճեան։ 1909։ - Ալիգ 5 ; Բռնութեան դէմ : Գաղատիայի դատավարութիւն / Թորոս։ Աթէնք: տպ. Հնչակի։ 1894։ - Ալիգ 6 ; Իրաւունք ծուլանալու ։ Հերքում 1848-ի «Աշխատելու օրէնքին» / Պօլ Լաֆարգ։ Աթէնք: Հայկական ազատ տպարան։ 1893։ - Ալիգ 7 ; Սահմանադրութեան էութեան մասին / Ֆ. Լասսալ։ Աթէնք: Հայկական ազատ տպարան։ 1893։ - Ալիգ 8 ; Հայերն Ամերիկայում / Ակն-եանց։ Աթէնք: տպ. Հայկական ազատ: 1893։ - Ալիգ 9 ; Ով ինչով է ապրում / Ս. Դիկշտէյն։ Լօնդօն: տպ. Հայկական ազատ։ 1891։ - Ալիգ 10 ; Գարիբալդի : Իր կեանքի պատմութիւնը : Համաձայն վաւերական վկայութիւնների եւ անտիպ յիշողութիւնների / Լօնդօն: տպ. Հնչակի։ 1895։ - Ալիգ 11 ; ممالک عثمانیه سوسیال ده موقرات هنچاقیان جمعیتی نظامنامۀ اساسیسی (Programme) / سعادت: S.n.: 1907 [1325 ه. ق]: - Ալիգ 12 |
| 650 14 - SUBJECT ADDED ENTRY--TOPICAL TERM | |
| Topical term or geographic name entry element | Կուսակցություններ |
| General subdivision | Սոցիալ դեմոկրատ հնչակյան կուսակցություն |
| -- | Ծրագիր |
| 942 ## - ADDED ENTRY ELEMENTS (KOHA) | |
| Source of classification or shelving scheme | Universal Decimal Classification |
| Koha item type | Գրքեր / Books |
| Suppress in OPAC | No |
| Withdrawn status | Lost status | Source of classification or shelving scheme | Damaged status | Not for loan | Collection | Home library | Current library | Date acquired | Serial enumeration / chronology | Inventory number | Total checkouts | Full call number | Barcode | Date last seen | Price effective from | Koha item type | Public note |
|---|---|---|---|---|---|---|---|---|---|---|---|---|---|---|---|---|---|
| Universal Decimal Classification | Postanjyan Individual Collection | Fundamental Scientific Library | Fundamental Scientific Library | 12/02/2026 | Ալիգ 3 | Պոսթ/74 | Պոսթ/72 | FL0703897 | 12/02/2026 | 12/02/2026 | Գրքեր / Books | ILL Non-Circ. |
ՀՀ Գիտությունների ազգային ակադեմիայի հիմնարար գիտական գրադարան = Fundamental Scientific Library of NAS RA
All site content, except where otherwise noted, is licensed under a